Hotel, tourism and hospitality management / (Record no. 66958)

MARC details
000 -LEADER
fixed length control field 00430nam a22001457a 4500
005 - DATE AND TIME OF LATEST TRANSACTION
control field 20180723111841.0
020 ## - INTERNATIONAL STANDARD BOOK NUMBER
International Standard Book Number 8187317779
Terms of availability 600.00
035 ## - SYSTEM CONTROL NUMBER
System control number B-19760, B-019759
037 ## - SOURCE OF ACQUISITION
Stock number DPL
Source of stock number/acquisition ENG
100 ## - MAIN ENTRY--PERSONAL NAME
Personal name Ratti, Manish
245 ## - TITLE STATEMENT
Title Hotel, tourism and hospitality management /
Statement of responsibility, etc by Manish Ratti
260 ## - PUBLICATION, DISTRIBUTION, ETC. (IMPRINT)
Place of publication, distribution, etc Delhi
Name of publisher, distributor, etc Rajat Publications
Date of publication, distribution, etc 2000
300 ## - PHYSICAL DESCRIPTION
Extent v, 331p.
Dimensions 18 cms.
942 ## - ADDED ENTRY ELEMENTS (KOHA)
Source of classification or shelving scheme Dewey Decimal Classification
Item type English Books
Classification part 338.4764794
Call number suffix RAT
Holdings
Withdrawn status Lost status Not for loan Collection code Home library Current library Date acquired Cost, normal purchase price Full call number Barcode Cost, replacement price Koha item type Source of acquisition
      Non-fiction Patel Nagar Patel Nagar 23/07/2018 600.00 338.4764794 RAT B-019759 600.00 English Books BPPD/PUB
      Non-fiction Andrews Gunj Sarojini Nagar 21/05/2012 0.00 338.4764794 RAT B-19760 0.00 English Books  

© Delhi Public Library
Hit Counter
free hit counter